Eastern Utah Libraries Catalog: Duchesne, Heber, Roosevelt, & Vernal

Same time next summer / (Record no. 387322)

MARC details
000 -LEADER
fixed length control field 01745pam a2200409 i 4500
001 - CONTROL NUMBER
control field 2023007358
003 - CONTROL NUMBER IDENTIFIER
control field DLC
005 - DATE AND TIME OF LATEST TRANSACTION
control field 20230829163014.0
008 - FIXED-LENGTH DATA ELEMENTS--GENERAL INFORMATION
fixed length control field 230221s2023 nyu 000 1 eng
010 ## - LIBRARY OF CONGRESS CONTROL NUMBER
LC control number 2023007358
020 ## - INTERNATIONAL STANDARD BOOK NUMBER
International Standard Book Number 9780593544969
Qualifying information (paperback)
020 ## - INTERNATIONAL STANDARD BOOK NUMBER
Cancelled/invalid ISBN 9780593544976
Qualifying information (ebook)
035 ## - SYSTEM CONTROL NUMBER
System control number (OCoLC)1345220525
040 ## - CATALOGING SOURCE
Original cataloging agency DLC
Language of cataloging eng
Description conventions rda
Transcribing agency DLC
Modifying agency TnLvILS
042 ## - AUTHENTICATION CODE
Authentication code pcc
092 ## - LOCALLY ASSIGNED DEWEY CALL NUMBER (OCLC)
Classification number adult fiction
Item number Monaghan
100 1# - MAIN ENTRY--PERSONAL NAME
Personal name Monaghan, Annabel,
Relator term author.
9 (RLIN) 6449903
245 10 - TITLE STATEMENT
Title Same time next summer /
Statement of responsibility, etc Annabel Monaghan.
264 #1 - Production, Publication, Distribution, Manufacture, and Copyright Notice.
Place of production, publication, distribution, manufacture New York :
Name of producer, publisher, distributor, manufacturer G.P. Putnam's Sons,
Date of production, publication, distribution, manufacture, or copyr [2023]
300 ## - PHYSICAL DESCRIPTION
Extent 302 pages ;
Dimensions 21 cm.
336 ## - Content Type
Content type term text
337 ## - Media type
Media type term unmediated
338 ## - Carrier type
Carrier type term volume
490 0# - SERIES STATEMENT
Series statement Book ends.
500 ## - GENERAL NOTE
General note "A novel"--Cover.
500 ## - GENERAL NOTE
General note Includes an author Q & A, discussion questions, and a playlist.
520 ## - SUMMARY, ETC.
Summary, etc "The ultimate summer nostalgia read about an engaged woman who comes face to face with her first love who she hasn't seen in fourteen years, but who she spent every summer with from age five to seventeen when he broke her heart, calling into question everything she thought she knew about their love story, and herself"--
650 #0 - SUBJECT ADDED ENTRY--TOPICAL TERM
Topical term or geographic name as entry element Man-woman relationships
Form subdivision Fiction.
9 (RLIN) 5674079
650 #0 - SUBJECT ADDED ENTRY--TOPICAL TERM
Topical term or geographic name as entry element First loves
Form subdivision Fiction.
9 (RLIN) 5675134
650 #0 - SUBJECT ADDED ENTRY--TOPICAL TERM
Topical term or geographic name as entry element Betrothal
Form subdivision Fiction.
9 (RLIN) 5674082
650 #0 - SUBJECT ADDED ENTRY--TOPICAL TERM
Topical term or geographic name as entry element Beaches
Form subdivision Fiction.
9 (RLIN) 5675314
650 #0 - SUBJECT ADDED ENTRY--TOPICAL TERM
Topical term or geographic name as entry element Summer
Form subdivision Fiction.
9 (RLIN) 5684846
650 #0 - SUBJECT ADDED ENTRY--TOPICAL TERM
Topical term or geographic name as entry element Self-realization in women
Form subdivision Fiction.
9 (RLIN) 5683219
655 #7 - INDEX TERM--GENRE/FORM
Genre/form data or focus term Romance fiction.
Source of term lcgft.
776 08 - ADDITIONAL PHYSICAL FORM ENTRY
Display text Online version:
Main entry heading Monaghan, Annabel.
Title Same time next summer
Place, publisher, and date of publication New York : G. P. Putnam's Sons, [2023]
International Standard Book Number 9780593544976
Record control number (DLC) 2023007359.
942 ## - ADDED ENTRY ELEMENTS (KOHA)
Source of classification or shelving scheme Dewey Decimal Classification
Koha item type BOOK
Holdings
Withdrawn status Lost status Source of classification or shelving scheme Damaged status Not for loan Collection code Home library Current library Shelving location Date acquired Total Checkouts Total Renewals Full call number Barcode Checked out Date last seen Date checked out Cost, replacement price Price effective from Koha item type
    Dewey Decimal Classification     Fiction Wasatch County Library Wasatch County Library First Floor 08/29/2023 16 17 F Monaghan 34301002037432 05/01/2026 03/05/2026 03/05/2026 17.00 08/29/2023 BOOK
This project was made possible through a grant from the Institute of Museum and Library Service administered by the Utah State Library Division.

Wasatch County Library

  • 465 East 1200 South, Heber City, Utah 84032
  • Phone 435-654-1511 | Fax 435-654-6456

Hours

  • Monday - Friday 9:30 AM - 8:00 PM
  • Saturday 9:30 AM - 1:30 PM
  • Closed Sundays and Holidays